Les villes les plus visitées de France - Statistiques

Statistiques générales
  • Ce quiz a été pris 270 fois
  • Le résultat moyen est 19 sur 30
Statistiques - réponses
Top Réponse % Correct
1 Paris
100%
3 Lyon
98%
4 Marseille
98%
2 Nice
95%
5 Bordeaux
93%
8 Lille
93%
7 Strasbourg
92%
6 Toulouse
92%
19 Rennes
86%
10 Nantes
85%
11 Montpellier
79%
12 Cannes
68%
14 Reims
63%
15 Dijon
60%
18 La Rochelle
59%
17 Nîmes
59%
13 Biarritz
57%
27 Rouen
55%
9 Annecy
54%
30 Clermont-Ferrand
54%
26 Versailles
54%
22 Tours
51%
16 Avignon
46%
28 Ajaccio
41%
20 Colmar
40%
23 Aix-en-provence
35%
21 Saint-Malo
33%
24 Arles
26%
29 Antibes
24%
25 Carcassone
10%
Aucun quiz correspondant
Distribution des résultats
% des personnes avec chaque résultat
Percentile par nombre de réponses
Votre historique - résultats
Vous n’avez pas pris ce quiz